000 06244nkm0a2200625 4500
001 RU\NLR\DIGIT\12060
005 20260408223616.0
035 _a(NLR Aleph) 010114737
090 _a13424671
_c13424671
100 _a20041130f18611866|||y0rusy50 ca
101 0 _arus
102 _aRU
116 _afiybxx xx zz
135 _acoco 024apabr
181 0 _ab4
_bxb2e
182 0 _an
200 1 _aВдова Эльзен-Цок. (Калмыцкая княгиня)
_e[фотография]
_fСветопись Вишневского
203 _aИзображение
_bнеподвижное
_bдвухмерное
_bвизуальное
_cнепосредственное
210 _a[Астрахань
_dмежду 1861 и 1866]
215 _a1 л.
_d18,9х12,9
225 1 _a[Виды и типы Астраханской губернии]
300 _aИсточник сведений об ответственности - сухой штемпель фотографического заведения на паспарту под изобр.
300 _aНа паспарту 27,6х20,8 см
316 _aЭкз. РНБ на шифре Э ФЭтн63/3-К174, Эф1099: на паспарту справа внизу рукоп. запись карандашом: 1432
_5NLR: Э ФЭтн63/3-К174
325 _aКопия доступна в Электрон. б-ке РНБ http://vivaldi.nlr.ru/lh000000659/view
600 1 _aТюмень
_bЭ.-Ц.
_gЭльзен-Цок
_jФотографии
_3RU\NLR\AUTH\6601757278
_92670303
606 1 _aПортретная фотография русская
_z19 в.
_92597893
_3RU\NLR\AUTH\6601744179
606 1 _aКалмыки
_jФотографии
_9992327
_3RU\NLR\AUTH\6657151
606 1 _aЖенщины
_jФотографии
_yРоссия
_z19 в.
_92409134
_3RU\NLR\AUTH\661435540
610 1 _aЭтнографические фотографии
617 _aРоссия
_cАстраханская губерния
686 1 _aЩ163(2Р=Рус)5-475
702 1 _aВишневский
_bС. М.
_gСтепан Михайлович
_4600
702 1 _4570
_7ca
_8rus
_aТюмень
_bЭ.-Ц.
_gЭльзен-Цок
_3RU\NLR\AUTH\770281420
_92653387
712 0 2 _4410
_a"Светопись Вишневского", ателье
_cАстрахань
_3RU\NLR\AUTH\880628505
_92660873
801 2 _aRU
_bNLR
_c20070626
_2rusmarc
830 _aТехника - альбуминовый отпечаток: Е. В. Бархатова. АЯ ОЭФ
830 _aЭкз. ГМИ СПб (под назв. "Калмыцкая княгиня"): https://goskatalog.ru/portal/#/collections?id=20597176 (09.06.2025). АЯ ОЭФ
830 _aСерия - по названию альбома из фондов ГМИ СПб: https://goskatalog.ru/portal/#/collections?id=20597101 (10.06.2025). АЯ ОЭФ
830 _aГраницы датировки: 1861 - открыто фотографическое заведение С. М. Вишневского; 1866 - аналогичный отпечаток (под назв. "Калмыцкая княгиня") входит в "Альбом видов и типов Астраханской губернии", подготовленный не позднее 10 февраля 1867 г.: https://www.litfund.ru/auction/630s1/39/ (09.06.2025). АЯ ОЭФ
830 _a"Специально для Всероссийской этнографической выставке в Москве, открывшейся в мае 1867 года, мастер подготовил «Фотографический альбом видов и типов Астраханской губернии». «Наша губерния по своему разнохарактерному народонаселению больше других должна принять участие в выставке, которая особенно в России должна иметь важное значение, так как характеризует наше Отечество», — писал «Астраханский листок» 10 февраля 1867 года. Управляющий государственными имуществами К.И. Костенков подготовил полную коллекцию калмыцкой национальной одежды, Я.А. Глотов — рисунки национальной одежды татар, а фотограф С.М. Вишневский — «Фотографический альбом видов и типов Астраханской губернии». В 1871 году во время пребывания в Астрахани Александра II фотограф преподнес свой альбом императору, за что был удостоен бриллиантового перстня": https://www.litfund.ru/auction/630s1/39/ (09.06.2025). АЯ ОЭФ
830 _aФотография С.М. Вишневского: https://astrahanfoto.livejournal.com/140566.html (09.06.2025). АЯ ОЭФ
830 _a"Эльзен-Цок Тюмень, вдова штабс-ротмистра Церен-Норбо, самого младшего из братьев Тюменей", "... владелица Большедербетовского улуса Улюмджи Гахаева ... была второй женой капитана Очира Хапчукова, владельца БД улуса, и родила от него дочку Эльзен-Цок": https://vk.com/wall470913473_518 (09.06.2025). АЯ ОЭФ
852 0 0 _aNLR
_bЭ
_jФЭтн63/3-К174
_mЭф1099
856 0 _uhttp://vivaldi.nlr.ru/lh000000659/view
856 1 _uhttp://vivaldi.nlr.ru/lh000000659/cover
856 2 _uhttp://vivaldi.nlr.ru/lh000000659/text
942 _cVISUAL
980 _aNB
981 3 6 _a(36) Цифровой репозиторий РНБ
981 1 7 _a(17) Изографические материалы
_b(17) Фотографии